Estadísticas para Grupos Geográficos de Seis #1

Haz click aquí para intentar la prueba.

Estadísticas generales

  • Esta prueba ha sido intentada 1.400 veces
  • La puntuación promedio es 28 de 48

Estadísticas de respuestas

GrupoRespuesta% Correcto
Lenguas oficiales de la ONUInglés
96%
Lenguas oficiales de la ONUEspañol
95%
Ciudades con parques temáticos DisneyParís
93%
Lenguas oficiales de la ONUFrancés
92%
Ríos más largos por continenteAmazonas
90%
Micro-estados de Europa (<500 km)Ciudad del Vaticano
90%
Micro-estados de Europa (<500 km)Andorra
88%
Micro-estados de Europa (<500 km)San Marino
88%
Lenguas oficiales de la ONUChino
87%
Micro-estados de Europa (<500 km)Mónaco
87%
Ríos más largos por continenteNilo
87%
Ciudades con parques temáticos DisneyOrlando
86%
Micro-estados de Europa (<500 km)Liechtenstein
84%
Países que empiezan con KKenia
82%
Naciones célticasIrlanda
75%
Países que empiezan con KKazajistán
75%
Lenguas oficiales de la ONURuso
71%
Países que empiezan con KKirguistán
69%
Micro-estados de Europa (<500 km)Malta
69%
Capitales que empiezan por RRoma
68%
Países que empiezan con KKiribati
67%
Lenguas oficiales de la ONUÁrabe
66%
Naciones célticasEscocia
65%
Países que empiezan con KKosovo
64%
Naciones célticasGales
62%
Países que empiezan con KKuwait
62%
Ciudades con parques temáticos DisneyTokio
55%
Ciudades con parques temáticos DisneyAnaheim
51%
Ríos más largos por continenteMisisipi | Misuri
49%
Capitales que empiezan por RRiga
49%
Ríos más largos por continenteVolga
49%
Capitales que empiezan por RReikiavik
41%
Capitales que empiezan por RRabat
39%
Capitales que empiezan por RRiad
37%
Naciones célticasIsla de Man
34%
Estados de AustraliaTasmania
34%
Estados de AustraliaQueensland
33%
Estados de AustraliaVictoria
30%
Ríos más largos por continenteYangtzé
30%
Estados de AustraliaNueva Gales del Sur
29%
Naciones célticasBretaña
27%
Ciudades con parques temáticos DisneyShanghái
27%
Estados de AustraliaAustralia Occidental
25%
Ciudades con parques temáticos DisneyHong Kong
20%
Estados de AustraliaAustralia Meridional
19%
Capitales que empiezan por RRoseau
17%
Naciones célticasCornualles
15%
Ríos más largos por continenteMurray / Darling
15%

Distribución de puntuación

Porcentaje por número respondido

Porcentaje de gente con cada puntuación

Historial de tus puntuaciones

No has intentado esta prueba.